000 00356nam a2200133 i 4500
001 bg
100 1 _aKUKIEŁKA, Jan
245 0 _aSztywność podbudów z gruntów stabilizowanych cementem i kryteria jej oceny /
_cJ. Kukiełka.
260 _aLublin,
_c1991.
040 _cBPK
041 _apol
942 _cKS
008 s pl f |000 0 pol
999 _c29555
_d29555
856 _uhttp://koha.tu.koszalin.pl/cgi-bin/koha/opac-detail.pl?biblionumber=29555
_yKatalog online BPK